000 00730nam a22002057a 4500
999 _c61738
_d61738
005 20240425124647.0
008 240425s1997 enk||||| |||| 00| 0 eng d
020 _a9780192626738x
041 _aeng
080 _a611.9 J-76
100 _aJohnson, D. R.
_921935
245 _aAnatomy for Dental Students /
_cD. R. Johnson, W. J. Moore.
250 _aThirrd edition
264 _a Oxford :
_bOxford University Press,
_c1997.
300 _a286 p.:
_bill.;
_c25 cm.
653 _aანატომია სტომატოლოგიური სტუდენტებისათვის
653 _aმედიცინა
700 _aMoore, W. J.
_eავტორი
_921936
942 _2udc
_cᲬᲘᲒᲜᲘ